000 00271nam a2200133Ia 4500
100 _aWilliam H. Crose
942 _cBK
654 _amechanics
245 _aAutomotive Mechanics
260 _bMcGraw Hill
_c2001
082 _a629.3
300 _a550
546 _aENGLISH
999 _c20704
_d20704